Statistics for Quickly Memorize the Country

Click here to take the quiz!

General Stats

  • This quiz has been taken 95 times
    (80 since last reset)
  • The average score is 8 of 14

Answer Stats

Gibberish% Correct

Bangladesh

100%

Belarus

64%

Switzerland

64%

Monaco

61%

Botswana

57%

Comoros

57%

Mauritius

57%

Seychelles

55%
Congratulations!
52%

Malaysia

52%

Niger

52%

Peru

52%

Philippines

52%

Turkmenistan

52%

Score Distribution

Percentile by Number Answered

Percent of People with Each Score

Your Score History

You have not taken this quiz since the last reset